00530nam a2200109Ia 4500008004100000050002200041100003200063245019900095260008600294300002800380521001200408140724s9999 xx 000 0 und d aRT 81b.F798 2010 aFrancisco, Maria Christina. 4aThe effectiveness of an instructional video as a supplement on the learning outcomes of first year nursing students in Southville International School and Colleges /cMaria Christina Francisco. aLas Piñas, Philippines :bSouthville International School and Colleges,cc2010. a86 p. :bill. ;c28 cm. aNursing